[Event "Scarborough Open"]
[Site "Scarborough"]
[Date "2023.10.29"]
[Round "5.13"]
[White "Dasgupta, Avyukt"]
[Black "Longson, Sarah N"]
[Result "1/2-1/2"]
[WhiteElo "1977"]
[BlackElo "2006"]
[PlyCount "52"]
[EventDate "2023.10.27"]
[EventType "swiss"]
[EventRounds "5"]
[EventCountry "ENG"]
[SourceTitle "BritBase"]
[Source "John Saunders"]
[SourceDate "2023.11.11"]
[SourceVersion "1"]
[SourceVersionDate "2023.11.11"]
[SourceQuality "1"]

1. e4 e5 2. Nf3 Nc6 3. Bb5 a6 4. Bxc6 dxc6 5. O-O Bg4 6. h3 h5 7. d3 Qf6 8.
Nbd2 Bc5 9. Re1 g5 10. Nb3 Bxf3 11. Qxf3 Qxf3 12. gxf3 Be7 13. Be3 O-O-O 14.
Kf1 Nh6 15. Ke2 f5 16. Rg1 f4 17. Bd2 Rdg8 18. Bc3 Bf6 19. d4 Nf7 20. Rad1 exd4
21. Nxd4 Re8 22. Nf5 Bxc3 23. bxc3 Rhg8 24. Rd4 Ne5 25. Rh1 Ng6 26. Rhd1 Ne5
1/2-1/2

[Event "Scarborough Open"]
[Site "Scarborough"]
[Date "2023.10.29"]
[Round "5.14"]
[White "Rogerson, Mark W"]
[Black "Van Kemenade, Julie"]
[Result "1-0"]
[WhiteElo "2075"]
[BlackElo "1683"]
[PlyCount "86"]
[EventDate "2023.10.27"]
[EventType "swiss"]
[EventRounds "5"]
[EventCountry "ENG"]
[SourceTitle "BritBase"]
[Source "John Saunders"]
[SourceDate "2023.11.11"]
[SourceVersion "1"]
[SourceVersionDate "2023.11.11"]
[SourceQuality "1"]

1. e4 d6 2. d4 Nf6 3. Nc3 c6 4. Nge2 Qc7 5. g3 e5 6. Bg2 Nbd7 7. O-O g6 8. h3
Bg7 9. Be3 O-O 10. Qd2 Ne8 11. Rad1 f5 12. exf5 gxf5 13. dxe5 dxe5 14. f4 e4
15. g4 Ndf6 16. gxf5 Bxf5 17. Ng3 Qc8 18. Kh2 Qe6 19. Nce2 Nd5 20. Nd4 Bxd4 21.
Bxd4 Nef6 22. c4 Ne7 23. Qe2 Rae8 24. Be5 Bg4 25. hxg4 Nxg4+ 26. Kg1 Nxe5 27.
fxe5 Qxe5 28. Rxf8+ Kxf8 29. Rf1+ Kg8 30. Nxe4 Kg7 31. Qf2 Ng6 32. Qf7+ Kh6 33.
Qf2 Kg7 34. Qf6+ Qxf6 35. Nxf6 Re2 36. Nd7 Rxb2 37. Rf2 Rb4 38. Bf1 Rb1 39. Kg2
Rd1 40. Nc5 b6 41. Ne6+ Kg8 42. Kg3 Re1 43. Nd4 c5 1-0

[Event "Scarborough Open"]
[Site "Scarborough"]
[Date "2023.10.29"]
[Round "5.16"]
[White "Harkness, Bryan D"]
[Black "Dilleigh, Stephen P"]
[Result "1/2-1/2"]
[WhiteElo "2010"]
[BlackElo "2031"]
[PlyCount "42"]
[EventDate "2023.10.27"]
[EventType "swiss"]
[EventRounds "5"]
[EventCountry "ENG"]
[SourceTitle "BritBase"]
[Source "John Saunders"]
[SourceDate "2023.11.11"]
[SourceVersion "1"]
[SourceVersionDate "2023.11.11"]
[SourceQuality "1"]

1. e4 e6 2. d4 d5 3. e5 c5 4. c3 Qb6 5. Nf3 Nc6 6. a3 c4 7. Nbd2 Na5 8. h4 Bd7
9. g3 Ne7 10. Bh3 h6 11. O-O O-O-O 12. Rb1 Qc7 13. Re1 Kb8 14. Nf1 Nc8 15. h5
Nb6 16. Ne3 Nb3 17. Nh4 Be7 18. Neg2 Nxc1 19. Qxc1 Rdg8 20. Bg4 Qd8 21. Qd1 Qe8
1/2-1/2

[Event "Scarborough Open"]
[Site "Scarborough"]
[Date "2023.10.29"]
[Round "5.17"]
[White "McLean, Robert"]
[Black "Ridge, Michael"]
[Result "1/2-1/2"]
[WhiteElo "1892"]
[BlackElo "1783"]
[PlyCount "43"]
[EventDate "2023.10.27"]
[EventType "swiss"]
[EventRounds "5"]
[EventCountry "ENG"]
[SourceTitle "BritBase"]
[Source "John Saunders"]
[SourceDate "2023.11.11"]
[SourceVersion "1"]
[SourceVersionDate "2023.11.11"]
[SourceQuality "1"]

1. e4 c5 2. Nf3 g6 3. d4 cxd4 4. Nxd4 Bg7 5. Nc3 Nc6 6. Be3 Nf6 7. Bc4 O-O 8.
f3 Qb6 9. Bb3 Nxe4 10. Nd5 Qa5+ 11. c3 Nc5 12. Nxc6 dxc6 13. Nxe7+ Kh8 14. Nxc8
Re8 15. Nd6 Rxe3+ 16. Kf2 Re7 17. Nc4 Qc7 18. Qd6 Qxd6 19. Nxd6 Nd3+ 20. Kf1
Nxb2 21. Nxf7+ Kg8 22. Ng5+ 1/2-1/2

[Event "Scarborough Open"]
[Site "Scarborough"]
[Date "2023.10.29"]
[Round "5.18"]
[White "Garnett, John S"]
[Black "Wise, David"]
[Result "1/2-1/2"]
[WhiteElo "1805"]
[BlackElo "2104"]
[PlyCount "24"]
[EventDate "2023.10.27"]
[EventType "swiss"]
[EventRounds "5"]
[EventCountry "ENG"]
[SourceTitle "BritBase"]
[Source "John Saunders"]
[SourceDate "2023.11.11"]
[SourceVersion "1"]
[SourceVersionDate "2023.11.11"]
[SourceQuality "1"]

1. c4 e6 2. g3 d5 3. Bg2 Nf6 4. Nf3 Be7 5. O-O O-O 6. d3 c5 7. b3 b6 8. Bb2 Bb7
9. Nbd2 Nbd7 10. Qc2 d4 11. e3 e5 12. exd4 exd4 1/2-1/2

[Event "Scarborough Open"]
[Site "Scarborough"]
[Date "2023.10.29"]
[Round "5.19"]
[White "Rich, Aaron"]
[Black "Skettos, Nicolas"]
[Result "1/2-1/2"]
[WhiteElo "1583"]
[BlackElo "1887"]
[PlyCount "130"]
[EventDate "2023.10.27"]
[EventType "swiss"]
[EventRounds "5"]
[EventCountry "ENG"]
[SourceTitle "BritBase"]
[Source "John Saunders"]
[SourceDate "2023.11.11"]
[SourceVersion "1"]
[SourceVersionDate "2023.11.11"]
[SourceQuality "1"]

1. b3 e5 2. Bb2 Nc6 3. e3 Nf6 4. Bb5 Bd6 5. Ne2 O-O 6. O-O Re8 7. Bxc6 dxc6 8.
f4 Bg4 9. f5 Qd7 10. Nbc3 Bxf5 11. Ng3 Bg6 12. e4 Rad8 13. d3 Bc5+ 14. Kh1 Qg4
15. Qe1 Qh4 16. Nf5 Qxe1 17. Raxe1 Ng4 18. Nd1 Bxf5 19. Rxf5 f6 20. h3 Nh6 21.
Rf3 Nf7 22. Bc1 b5 23. Ref1 a5 24. a3 Rd7 25. h4 Nd8 26. Rg3 Kf7 27. h5 h6 28.
Ne3 Bxe3 29. Bxe3 Ne6 30. Rg6 Ke7 31. Ra1 Kd6 32. Rg3 c5 33. a4 b4 34. Rf3 Nd4
35. Bxd4 cxd4 36. Raf1 Ke6 37. Kg1 Rf7 38. Rf5 Rg8 39. Kf2 g6 40. hxg6 Rxg6 41.
Rh1 Rg5 42. Rxh6 Rxf5+ 43. exf5+ Kxf5 44. Rh8 Rd7 45. Kf3 Rd5 46. g4+ Kg6 47.
Ke4 Rc5 48. Rh2 Kg5 49. Rg2 c6 50. Kf3 Rd5 51. Rh2 Rc5 52. Rg2 f5 53. gxf5+
Kxf5 54. Rh2 Rc3 55. Rh5+ Ke6 56. Ke4 Rxc2 57. Rxe5+ Kd6 58. Rxa5 Rc3 59. Ra6
Kc5 60. Ra5+ Kb6 61. Rg5 Rxb3 62. a5+ Ka6 63. Kxd4 Ra3 64. Rc5 Rxa5 65. Rxc6+
Kb7 1/2-1/2

[Event "Scarborough Open"]
[Site "Scarborough"]
[Date "2023.10.29"]
[Round "5.20"]
[White "Gosling, Marcus"]
[Black "Gostelow, Luke"]
[Result "0-1"]
[WhiteElo "1916"]
[BlackElo "1815"]
[PlyCount "94"]
[EventDate "2023.10.27"]
[EventType "swiss"]
[EventRounds "5"]
[EventCountry "ENG"]
[SourceTitle "BritBase"]
[Source "John Saunders"]
[SourceDate "2023.11.11"]
[SourceVersion "1"]
[SourceVersionDate "2023.11.11"]
[SourceQuality "1"]

1. Nf3 c5 2. b3 Nc6 3. Bb2 Nf6 4. e3 e6 5. c4 Be7 6. Be2 O-O 7. O-O d5 8. cxd5
Nxd5 9. d3 Bf6 10. Qd2 e5 11. Nc3 Nxc3 12. Bxc3 Qe7 13. Rfd1 Rd8 14. Qc2 Bf5
15. a3 b5 16. Bb2 Na5 17. Nd2 Rac8 18. Bc3 Qc7 19. Rac1 c4 20. bxc4 Nxc4 21.
Nb1 Nd6 22. Qb2 Qe7 23. Bb4 Rxc1 24. Rxc1 Qb7 25. Nd2 Be6 26. Bxd6 Rxd6 27. Ne4
Rc6 28. Nxf6+ gxf6 29. Bf3 Rxc1+ 30. Qxc1 Qb6 31. Kf1 a5 32. Bd1 b4 33. axb4
axb4 34. Qb2 b3 35. Ke2 Qb4 36. f3 Qa5 37. Bxb3 Qb4 38. f4 Qxb3 39. Qc1 Bg4+
40. Kf2 Qxd3 41. Qb2 Qd6 42. h3 Be6 43. Kg3 Kg7 44. Qe2 f5 45. Qb2 f6 46. Qb7+
Kg6 47. Qa8 Qc5 0-1

[Event "Scarborough Open"]
[Site "Scarborough"]
[Date "2023.10.29"]
[Round "5.21"]
[White "Keely, Leo A"]
[Black "Sheikh, Anum"]
[Result "1/2-1/2"]
[WhiteElo "1927"]
[BlackElo "1735"]
[PlyCount "78"]
[EventDate "2023.10.27"]
[EventType "swiss"]
[EventRounds "5"]
[EventCountry "ENG"]
[SourceTitle "BritBase"]
[Source "John Saunders"]
[SourceDate "2023.11.11"]
[SourceVersion "1"]
[SourceVersionDate "2023.11.11"]
[SourceQuality "1"]

1. e4 c5 2. Nf3 e6 3. d4 cxd4 4. Nxd4 Nc6 5. Nc3 Qc7 6. Be3 a6 7. Be2 Nf6 8.
O-O Be7 9. a4 d6 10. Qd2 Bd7 11. Nb3 b6 12. Rad1 O-O 13. f4 Rfd8 14. Bf3 Rab8
15. Qe2 Nb4 16. g4 b5 17. axb5 axb5 18. g5 Ne8 19. Rd2 Qc4 20. Nd4 Qxe2 21.
Bxe2 Nc7 22. f5 e5 23. f6 exd4 24. fxe7 Re8 25. Bxd4 Rxe7 26. Bf2 Bh3 27. Rfd1
Re5 28. Be3 Ne6 29. Rxd6 Nxc2 30. R1d5 Rxd5 31. Nxd5 Nxe3 32. Nxe3 Nxg5 33. Bd3
h6 34. Kf2 Re8 35. Rb6 Bd7 36. Bxb5 Nxe4+ 37. Kf3 Bxb5 38. Rxb5 Nd2+ 39. Kf2
Ne4+ 1/2-1/2

[Event "Scarborough Open"]
[Site "Scarborough"]
[Date "2023.10.29"]
[Round "5.22"]
[White "Mkpadi, C Michael"]
[Black "Grillage, Andrew"]
[Result "1/2-1/2"]
[WhiteElo "1456"]
[BlackElo "1990"]
[PlyCount "90"]
[EventDate "2023.10.27"]
[EventType "swiss"]
[EventRounds "5"]
[EventCountry "ENG"]
[SourceTitle "BritBase"]
[Source "John Saunders"]
[SourceDate "2023.11.11"]
[SourceVersion "1"]
[SourceVersionDate "2023.11.11"]
[SourceQuality "1"]

1. Nc3 d5 2. d4 Nf6 3. e4 dxe4 4. f3 e5 5. Be3 exd4 6. Bxd4 Bb4 7. a3 Ba5 8. b4
Bb6 9. Bxb6 axb6 10. Qxd8+ Kxd8 11. Nxe4 Nxe4 12. fxe4 Re8 13. Nf3 f6 14. Bd3
Nc6 15. O-O Ne5 16. Nxe5 Rxe5 17. Rfd1 Ke7 18. h3 Bd7 19. Kf2 Bc6 20. Re1 Kf8
21. Re3 Rae8 22. Rae1 h5 23. c4 Rd8 24. b5 Be8 25. Rd1 Rd4 26. Be2 Rdxe4 27.
Rxe4 Rxe4 28. Rd5 Bf7 29. Rd7 Bxc4 30. Bxh5 Bxb5 31. Rxc7 Bc6 32. Rc8+ Ke7 33.
Rc7+ Bd7 34. Rxb7 Re5 35. Bf3 Re6 36. Bg4 Rd6 37. Bxd7 Rxd7 38. Rxb6 Rd2+ 39.
Kg1 Ra2 40. Rb7+ Kf8 41. Ra7 Kg8 42. Kh2 Kh7 43. a4 Ra3 44. a5 Kh6 45. g4 Kg6
1/2-1/2

[Event "Scarborough Open"]
[Site "Scarborough"]
[Date "2023.10.29"]
[Round "5.23"]
[White "Day, Jonathan A"]
[Black "Brencher, Paul"]
[Result "1/2-1/2"]
[WhiteElo "1704"]
[BlackElo "1870"]
[PlyCount "23"]
[EventDate "2023.10.27"]
[EventType "swiss"]
[EventRounds "5"]
[EventCountry "ENG"]
[SourceTitle "BritBase"]
[Source "John Saunders"]
[SourceDate "2023.11.11"]
[SourceVersion "1"]
[SourceVersionDate "2023.11.11"]
[SourceQuality "1"]

1. e4 d6 2. d4 Nf6 3. Nc3 c6 4. f4 Qa5 5. Bd3 e5 6. Nf3 exd4 7. Nxd4 g6 8. Be3
Bg7 9. Qd2 O-O 10. O-O-O Nbd7 11. Nb3 Qc7 12. Be2 1/2-1/2

[Event "Scarborough Open"]
[Site "Scarborough"]
[Date "2023.10.29"]
[Round "5.24"]
[White "Blackford, Ross"]
[Black "Han, Qixiang"]
[Result "1-0"]
[WhiteElo "1779"]
[BlackElo "1671"]
[PlyCount "201"]
[EventDate "2023.10.27"]
[EventType "swiss"]
[EventRounds "5"]
[EventCountry "ENG"]
[SourceTitle "BritBase"]
[Source "John Saunders"]
[SourceDate "2023.11.11"]
[SourceVersion "1"]
[SourceVersionDate "2023.11.11"]
[SourceQuality "1"]

1. e4 c5 2. Nf3 d6 3. Bb5+ Nd7 4. O-O a6 5. Bd3 Ngf6 6. Qe2 e6 7. c3 b5 8. Bc2
Be7 9. d4 Bb7 10. Rd1 O-O 11. Nbd2 Rc8 12. Nf1 cxd4 13. cxd4 Nb6 14. Ng3 Qc7
15. Bd3 Rfd8 16. h4 h6 17. b3 Nbd7 18. Bd2 Qb8 19. a4 Bc6 20. Rdc1 Bf8 21. Ne1
g6 22. Nc2 Bg7 23. Nb4 Bb7 24. axb5 axb5 25. Ra5 Ne8 26. Be3 Nc7 27. Qd2 Kh7
28. h5 Nf6 29. hxg6+ fxg6 30. f3 Ng8 31. Ne2 Ne7 32. Kf2 Rf8 33. Rh1 Ng8 34.
Raa1 Ne8 35. Nf4 e5 36. Ne6 Nef6 37. Nxf8+ Rxf8 38. d5 Ng4+ 39. Ke2 Nxe3 40.
Qxe3 Nf6 41. Qb6 Nh5 42. Rhd1 Qc8 43. Rdc1 Ng3+ 44. Kd2 Qe8 45. Qxb7 Qd8 46.
Qa7 Qh4 47. Rc7 Nh5 48. Qe3 Qg3 49. Raa7 Qxg2+ 50. Be2 Rg8 51. Nd3 Ng3 52. Kd1
h5 53. Ne1 Qh2 54. Rc2 h4 55. Bxb5 Qh1 56. Qf2 Rb8 57. Bc4 Kh8 58. Qh2 Qxh2 59.
Rxh2 Bf6 60. Rha2 Nh5 61. Bf1 Rxb3 62. Ra8+ Kh7 63. Nd3 Rb1+ 64. Nc1 Bg5 65.
R2a7+ Ng7 66. Rc8 Be3 67. Rcc7 Rxc1+ 68. Rxc1 Bxa7 69. Bh3 Kh6 70. Bg4 Nh5 71.
Rc6 Bb8 72. Rb6 Bc7 73. Rc6 Bb8 74. Ke2 Nf4+ 75. Kf1 Ba7 76. Rxd6 h3 77. Rd8
Bc5 78. Bxh3 Nxh3 79. Rh8+ Kg5 80. Rxh3 Bd6 81. Ke2 Kf4 82. Rh7 Kg5 83. Rd7 Bc5
84. Rc7 Bb6 85. Rc6 Bd8 86. Re6 Kh6 87. d6 Kg7 88. d7 Kf7 89. Re8 Be7 90. d8=Q
Bxd8 91. Rxd8 Ke7 92. Ra8 Kf6 93. Ke3 Ke6 94. Ra6+ Kf7 95. Kd3 Kg7 96. Kc4 Kh6
97. Kd5 Kg5 98. Kxe5 Kh5 99. f4 Kh4 100. Rxg6 Kh5 101. Rg1 1-0

[Event "Scarborough Open"]
[Site "Scarborough"]
[Date "2023.10.29"]
[Round "5.25"]
[White "Dobson, Graham W"]
[Black "Ilett, Raymond J"]
[Result "0-1"]
[WhiteElo "1908"]
[BlackElo "1773"]
[PlyCount "54"]
[EventDate "2023.10.27"]
[EventType "swiss"]
[EventRounds "5"]
[EventCountry "ENG"]
[SourceTitle "BritBase"]
[Source "John Saunders"]
[SourceDate "2023.11.11"]
[SourceVersion "1"]
[SourceVersionDate "2023.11.11"]
[SourceQuality "1"]

1. e4 Nc6 2. d4 d5 3. e5 Bf5 4. Nf3 e6 5. Bd3 Bxd3 6. Qxd3 f6 7. exf6 Nxf6 8.
Bf4 Qd7 9. Nbd2 O-O-O 10. c3 Bd6 11. Bxd6 cxd6 12. O-O-O e5 13. Qb5 a6 14. Qa4
e4 15. Ng1 Ng4 16. Nh3 Rhf8 17. f3 exf3 18. Nxf3 Ne3 19. Rd2 Rxf3 20. gxf3 Qxh3
21. b4 Qxf3 22. Re1 Nc4 23. Rc2 Rf8 24. Kb1 Qd3 25. Rec1 Ne3 26. Kb2 Nxc2 27.
Rxc2 Rf1 0-1

[Event "Scarborough Open"]
[Site "Scarborough"]
[Date "2023.10.29"]
[Round "5.26"]
[White "Han, Qixuan"]
[Black "Sheppard, Derek Alan"]
[Result "1-0"]
[WhiteElo "1532"]
[BlackElo "1669"]
[PlyCount "89"]
[EventDate "2023.10.27"]
[EventType "swiss"]
[EventRounds "5"]
[EventCountry "ENG"]
[SourceTitle "BritBase"]
[Source "John Saunders"]
[SourceDate "2023.11.11"]
[SourceVersion "1"]
[SourceVersionDate "2023.11.11"]
[SourceQuality "1"]

1. d4 d6 2. c4 e5 3. dxe5 dxe5 4. Qxd8+ Kxd8 5. Nc3 c6 6. Bg5+ f6 7. O-O-O+ Kc7
8. Bh4 Be6 9. b3 Bb4 10. Rd3 Bf5 11. e4 Be6 12. Nge2 Nd7 13. Kb2 a5 14. a3 Bd6
15. Nc1 Ne7 16. Be2 Ng6 17. Bg3 Rhd8 18. Rhd1 Nc5 19. R3d2 Bf7 20. Nd3 Ne6 21.
f3 b6 22. Bf2 Nd4 23. g3 Nf8 24. Ne1 Nfe6 25. f4 Nxe2 26. Nxe2 exf4 27. gxf4
Bxf4 28. Nxf4 Nxf4 29. Bxb6+ Kxb6 30. Rxd8 Rxd8 31. Rxd8 Ne6 32. Rd7 Bg6 33.
Re7 Ng5 34. Rxg7 Nxe4 35. b4 axb4 36. axb4 f5 37. Nd3 Nd2 38. Ne5 f4 39. Nxg6
hxg6 40. Rxg6 Nxc4+ 41. Kb3 Ne3 42. Rf6 Nd5 43. Rf7 c5 44. h4 cxb4 45. h5 1-0